000 00565nam a22001817a 4500
008 150722b xxu||||| |||| 00| 0 eng d
020 _a0205380840
041 0 _aeng
080 _a371.2
100 _aRebore, Ronald W. ;
245 1 0 _aHuman resources administration in education :
_cRonald W. Rebore.
250 _a7th ed.
260 _aBoston :
_bPearson/Allyn and Bacon,
_cc2004.
300 _ax, 374 f. ;
_c24 cm.
505 _aIndex: f. 369-374
650 0 _aMenaxhimi i stafit të shkollës
_zShtetet e Bashkuara
942 _2udc
_cBK
999 _c1137
_d1137